01782na a2200409 450000100060000000300080000600500170001400800410003102000150007202200140008703500100010104000250011104100130013608200310014909000300018010000460021022200300025624501120028624600340039824600350043226000600046730000560052731000130058349000440059650000430064050000470068350000700073054600580080065000440085865100510090271000450095394200130099895201120101195201170112395201170124099900150135715114MIRAKIL20181213155014.0160903b tu 000 0  a9751931797 a0082-691X a15114 aMilasbturcTR-AnCHP aturaeng aDAN 315.61 2001bT95i 2002 aDAN 315.61 2001 T95i 2002 aDevlet İstatistik Enstitüsü (DİE) aİstatistik yıllığı aTürkiye istatistik yıllığıb2001 = Statistical yearbook of TurkeycDevlet İstatistik Enstitüsü aTurkey's statistical yearbook aStatistical yearbook of Turkey aAnkarabDevlet İstatistik Enstitüsü (DİE)c2002 axxviii, 733 s.brnkl. res.,tbl., grf., hrt.c29 sm. aYıllık aDevlet İstatistik Enstitüsüv2690 aDerginin elektronik ortamı mevcuttur. a2007 yılı itibarıyla ciltler 24 sm.dir. aKurum adı "Türkiye İstatistik Kurumu (TÜİK)" olmuştur. aKitap Türkçe ve İngilizce karşılıklıdır.  aİstatistiklerxYıllıklarzTürkiye aTürkiyexİstatistiklerySüreli yayınlar aTürkiye İstatistik Kurumu (TÜİK) 2dcccBKS a0001b0001d2016-09-03e2l0oDAN 315.61 2001 T95i 2002p002524r2016-09-03 00:00:00v0.00w2016-09-03yBKS a0001b0001d2016-09-03e2l0oDAN 315.61 2001 T95i 2002p002525r2016-09-03 00:00:00tk.2v0.00w2016-09-03yBKS a0001b0001d2016-09-03e2l0oDAN 315.61 2001 T95i 2002p002526r2016-09-03 00:00:00tk.3v0.00w2016-09-03yBKS c4690d4690